000
00248nam a2200097Ia 4500
001
709659
005
20250826162551.0
008
250824s9999 xx 000 0 und d
245
0
_a
BİLGELERDEN ÖĞÜTLER
_c
ZİYA DEMİREL
260
_b
AKÇAĞ YAYINLARI
999
_c
709659
_d
709659